<?xml version="1.0" encoding="UTF-8"?>
<record
    xmlns:xsi="http://www.w3.org/2001/XMLSchema-instance"
    xsi:schemaLocation="http://www.loc.gov/MARC21/slim http://www.loc.gov/standards/marcxml/schema/MARC21slim.xsd"
    xmlns="http://www.loc.gov/MARC21/slim">

  <leader>01540nam a2200289 i 4500</leader>
  <controlfield tag="001">80213</controlfield>
  <controlfield tag="003">ES-MaACL</controlfield>
  <controlfield tag="005">20230906174150.0</controlfield>
  <controlfield tag="007">t|</controlfield>
  <controlfield tag="008">041027m19801984sp           ||||1| spa d</controlfield>
  <datafield tag="020" ind1=" " ind2=" ">
    <subfield code="a">84-7426-078-7</subfield>
  </datafield>
  <datafield tag="080" ind1=" " ind2=" ">
    <subfield code="a">008(38)</subfield>
  </datafield>
  <datafield tag="080" ind1=" " ind2=" ">
    <subfield code="a">938</subfield>
  </datafield>
  <datafield tag="245" ind1="0" ind2="0">
    <subfield code="a">Historia y civilizaci&#xF3;n de los griegos / </subfield>
    <subfield code="c">director, Ranuccio Bianchi Bandinelli ; redactores, Luigi Moretti ... [et al.] ; [traducci&#xF3;n, Pepa Gasull ... et al.].</subfield>
  </datafield>
  <datafield tag="250" ind1=" " ind2=" ">
    <subfield code="a">1&#xAA; ed.</subfield>
  </datafield>
  <datafield tag="260" ind1=" " ind2=" ">
    <subfield code="a">Barcelona : </subfield>
    <subfield code="b">Icaria, </subfield>
    <subfield code="c">1980-1984.</subfield>
  </datafield>
  <datafield tag="300" ind1=" " ind2=" ">
    <subfield code="a">10 v. : </subfield>
    <subfield code="b">il. ; </subfield>
    <subfield code="c">24 cm.</subfield>
  </datafield>
  <datafield tag="504" ind1=" " ind2=" ">
    <subfield code="a">Bibliograf&#xED;a.</subfield>
  </datafield>
  <datafield tag="505" ind1="8" ind2=" ">
    <subfield code="a">Contiene: I. Or&#xED;genes y desarrollo de la ciudad: el medioevo griego -- II. Or&#xED;genes y desarrollo de la ciudad: el arca&#xED;smo -- III. Grecia en la &#xE9;poca de Pericles: historia, literatura, filosof&#xED;a -- IV. Grecia en la &#xE9;poca de Pericles: las artes figurativas -- V. La crisis de la polis: historia, literatura, filosof&#xED;a -- VI. La crisis de la polis: arte, religi&#xF3;n, m&#xFA;sica -- VII. La sociedad helen&#xED;stica: marco pol&#xED;tico -- VIII. La sociedad helen&#xED;stica: econom&#xED;a, derecho, religi&#xF3;n -- IX. La cultura helen&#xED;stica: filosof&#xED;a, ciencia, literatura -- X. La cultura helen&#xED;sitca: las artes figurativas</subfield>
  </datafield>
  <datafield tag="595" ind1=" " ind2=" ">
    <subfield code="a">Ed. homenaje a Jaume Berenguer i Amenos (1916-1974)</subfield>
  </datafield>
  <datafield tag="650" ind1=" " ind2="4">
    <subfield code="a">Civilizaci&#xF3;n griega.</subfield>
    <subfield code="9">137206</subfield>
  </datafield>
  <datafield tag="651" ind1=" " ind2="4">
    <subfield code="a">Grecia-</subfield>
    <subfield code="x">Historia.</subfield>
    <subfield code="9">8777</subfield>
  </datafield>
  <datafield tag="700" ind1="1" ind2=" ">
    <subfield code="a">Bianchi Bandinelli, Ranuccio.</subfield>
    <subfield code="9">28747</subfield>
  </datafield>
  <datafield tag="700" ind1="1" ind2=" ">
    <subfield code="a">Moretti, Luigi.</subfield>
    <subfield code="9">83488</subfield>
  </datafield>
  <datafield tag="700" ind1="1" ind2=" ">
    <subfield code="a">Gasull, Pepa.</subfield>
    <subfield code="9">55952</subfield>
  </datafield>
  <datafield tag="852" ind1=" " ind2=" ">
    <subfield code="a">ES-MaACL</subfield>
    <subfield code="j">L-10038-47</subfield>
  </datafield>
  <datafield tag="999" ind1=" " ind2=" ">
    <subfield code="c">80213</subfield>
    <subfield code="d">80213</subfield>
  </datafield>
  <datafield tag="952" ind1=" " ind2=" ">
    <subfield code="0">0</subfield>
    <subfield code="1">0</subfield>
    <subfield code="4">0</subfield>
    <subfield code="7">0</subfield>
    <subfield code="a">ATENEOM</subfield>
    <subfield code="b">ATENEOM</subfield>
    <subfield code="c">DEPO2</subfield>
    <subfield code="d">2008-01-17</subfield>
    <subfield code="e">SC</subfield>
    <subfield code="l">0</subfield>
    <subfield code="o">L-10038-47</subfield>
    <subfield code="p">1083868</subfield>
    <subfield code="r">2023-02-23 00:00:00</subfield>
    <subfield code="w">2023-02-23</subfield>
    <subfield code="y">MONOGRAFIA</subfield>
  </datafield>
</record>
